[Event "Cattolica op-B 8th"]
[Site "Cattolica"]
[Date "2021.06.01"]
[Round "6"]
[White "Rauseo, Marco Euplio"]
[Black "Costa, Vincenzo1"]
[Result "0-1"]
[WhiteElo "999"]
[BlackElo "1530"]
[PlyCount "50"]
[EventDate "2021.05.27"]
[EventType "swiss"]
[EventRounds "7"]
[EventCountry "ITA"]
[SourceTitle "CBM 203 Extra"]
[Source "ChessBase"]
[SourceDate "2021.09.30"]
[SourceVersion "1"]
[SourceVersionDate "2021.09.30"]
[SourceQuality "1"]

1. e4 e5 2. Nf3 Nf6 3. Nxe5 Nxe4 4. Qf3 Qe7 5. Qxe4 Nc6 6. Be2 Qxe5 7. Qxe5+ Nxe5 8. d4 Ng6 9. Be3 d5 10. Nd2 f5 11. Bh5 Bb4 12. 0-0-0 0-0 13. Bxg6 hxg6 14. Nf3 f4 15. Bd2 Bd6 16. h3 Bd7 17. Rde1 Rac8 18. Ne5 Bf5 19. Bxf4 c5 20. dxc5 Bxe5 21. g3 Bd4 22. Bd2 Bxf2 23. c3 Bxe1 24. Rxe1 Rce8 25. g4 Bc8 0-1